Представление документа в формате MARC21

Поле Инд. ПП Название Значение
Тип записи a
Библиографический уровень a
001 Контрольный номер 1902d9eb9be64b63889e947a4059a9d3
005 Дата корректировки 20201008151622.0
040 a Служба первич. каталог. НБ ТвГУ
b Код языка каталог. rus
e Правила каталог. PSBO
041 0_ a Код языка текста rus
097 b Оператор Komarova.ES
098 b Факультет Психологии
c Кафедра Психология труда и клиническая психология
100 1_ a Автор Сучкова Ольга Владимировна
q Полное имя Сучкова О. В.
245 10 a Заглавие Конструирование интервью "Социальные представления о карьере"
260 a Место издания Тверь
b Издательство Тверской государственный университет
504 a Библиография Библиогр.: с. 226-227 (7 назв.)
520 0_ a Аннотация Статья посвящена конструированию интервью "Социальные представления о карьере".
653 0_ a Ключевые слова Интервью
a Ключевые слова Карьера
a Ключевые слова Социальные представления
a Ключевые слова Общество
a Ключевые слова Продвижение
a Ключевые слова Труды Тверского государственного университета
773 18 w Контрольный № источника 2e95caa5738f4ef8b5048eb0bf62a7e8
t Название источника Психология труда, организации и управления в условиях современных технологий
d Место и дата издания Тверь : Тверской государственный университет, 2020
g Прочая информация С. 223-227
856 40 u URL http://texts.lib.tversu.ru/texts/149746t.pdf
x Примечание для ЭОР Справка УИС 2020
x Примечание для ЭОР Реестр суммарного учета сетевых локальных документов
i Дата подключения ЭОР 20201008
901 t Тип документа a
920 a Оператор Кома
954 b Дата поступления в ОК 20200928